| 000 | 02456nam2a2200301 4500 | ||
|---|---|---|---|
| 001 | RU\NLR\BIBL_A\022763465 | ||
| 005 | 20260414145648.0 | ||
| 010 |
_a978-5-6054489-5-2 _9500 |
||
| 021 |
_aRU _bКН-П-26-005854 _9КН-П-26-0572 |
||
| 035 | _a(NLR Aleph) 022763465 | ||
| 090 |
_a13644808 _c13644808 |
||
| 100 | _a20260323d2025 u y0rusy50 ca | ||
| 101 | 0 | _arus | |
| 102 | _aRU | ||
| 105 | _aa j 000yy | ||
| 200 | 1 |
_aЦелевые реабилитационные группы, определяемые инвалидам и детям-инвалидам _fКарасаева Л. А., Горяйнова М. В., ГоряйновИ. В. [и др.] _gФедеральное государственное бюджетное учреждение Федеральный научно-образовательный центр медико-социальной экспертизы и реабилитации имени Г. А. Альбрехта, Министерства труда и социальной защиты Российской Федерации (ФГБУ ФНОЦ МСЭ и Р им. Г. А. Альбрехта Минтруда России) |
|
| 210 | _d2025 | ||
| 215 |
_a67 с. _cтабл. |
||
| 320 | _aБиблиогр.: с. 57–58 | ||
| 461 | 0 |
_1001RU\NLR\BIBL_A\022763451 _12001#$aМетодические основы медико-социальной экспертизы$vЧ. 3 _913688582 _cСанкт-Петербург _d2025– _fКарасаева Людмила Алексеевна, доктор медицинских наук, профессор, Горяйнова Марина Владимировна, кандидат медицинских наук, доцент, Горяйнов Игорь Владимирович, кандидат медицинских наук, Алисханов Ахмед Магомедович, врач _nФНОЦ МСЭиР им. Г. А. Альбрехта _oучебное пособие _tМетодические основы медико-социальной экспертизы _vЧ. 3 |
|
| 606 | 1 |
_aИнвалиды _jУчебные издания _xРеабилитация _91172477 _3RU\NLR\AUTH\66470643 |
|
| 606 | 1 |
_aДети-инвалиды _jУчебные издания _xРеабилитация _9945232 _3RU\NLR\AUTH\66350370 |
|
| 686 | 1 | _aР11(2)297я7 | |
| 686 | 1 | _aР11(2)442.97я7 | |
| 942 | _cBOOK | ||
| 980 | _aNB | ||